000 00244nam a2200097Ia 4500
001 655700
005 20250826154542.0
008 250824s9999 xx 000 0 und d
245 0 _aMavi Kuşu Gören Var Mı
_cÇetin Öner
260 _bCAN YAYINLARI
999 _c655700
_d655700